000 01240nam a2200337 a 4500
001 000023218
005 20240417183156.0
008 101130s1998 sp a 001 0 spa d
020 _a8483220385
040 _aDO-SdBNP
_bspa
_cBNPHU
041 1 7 _aspa
_heng
_2Código de idiomas MARC
082 _a338.5
_bP648m, 1998
100 1 _aPindyck, Robert S.,
_d1945-
_947800
240 1 0 _aMicroeconomics.
_lEspañol.
245 1 0 _aMicroeconomía /
_cRobert S. Pindyck, Daniel L. Rubinfeld ; traducción de Esther Rabasco, Luis Toharia ; revisión técnica de José María O'Kean.
250 _a4a ed.
260 _aMadrid :
_bPrentice Hall,
_c1998.
300 _axxv, 630 p. :
_bil. ;
_c25 cm.
500 _aIncluye índice analítico y glosario.
504 _aIncluye referencias bibliográficas y notas al pie de las páginas.
534 _pTítulo original en inglés:
_tMicroeconomics.
_z0138961840
650 0 _aMicroeconomía
_922953
650 4 _aEconomía gerencial
_98305
650 4 _aTeoría económica
_930923
700 1 _aRubinfeld, Daniel L.
_947801
700 1 _aRabasco, Esther,
_etr.
_947802
700 1 _aToharia, Luis,
_etr.
_947803
700 1 _aO'Kean, José María,
_erev.
_947804
910 _aWM
049 _aBNGR
999 _c22715
_d22715